Bundesliga Spieler Zu Verein #3 - Statistiken

Allgemein
  • Dieses Quiz wurde 344 mal gespielt
    154 seit der letzten Aktualisierung
  • Das Durchschnittsergebnis liegt bei 16 aus 20
Antwortstatistiken
Spieler Verein % Korrekt
Joao Palhinha FC Bayern München
98%
Donyell Malen Borussia Dortmund
94%
Lois Openda RB Leipzig
92%
Christian Günter SC Freiburg
92%
Piero Hincapié Bayer 04 Leverkusen
91%
Omar Marmoush Eintracht Frankfurt
91%
Oliver Baumann TSG 1899 Hoffenheim
91%
Ermedin Demirovic VfB Stuttgart
90%
Julian Weigl Borussia Mönchengladbach
87%
Ruben Vargas FC Augsburg
85%
Dominik Kohr FSV Mainz 05
84%
Leonardo Bittencourt SV Werder Bremen
82%
Anthony Losilla VfL Bochum
79%
Kevin Müller 1. FC Heidenheim
78%
Mergim Berisha TSG 1899 Hoffenheim
72%
Justin Njinmah SV Werder Bremen
71%
Shuto Machino SV Holstein Kiel
69%
Johannes Eggestein FC St. Pauli
68%
Jakub Kaminski VfL Wolfsburg
66%
Yorbe Vertessen 1. FC Union Berlin
62%
Keine übereinstimmenden Quizze gefunden
Verteilung der Resultate
Anzahl Personen mit jedem Resultat
Perzentil nach korrekt beantworteten Fragen
Ihre Resultats-Entwicklung
Sie haben dieses Quiz seit der letzten Aktualisierung nicht gespielt